UBT Library

Prenatal ultrasound : (Record no. 44029)

000 -LEADER
fixed length control field 00708cam a2200229 a 4500
001 - CONTROL NUMBER
control field 3838986
005 - DATE AND TIME OF LATEST TRANSACTION
control field 20180302070719.0
008 - FIXED-LENGTH DATA ELEMENTS--GENERAL INFORMATION
fixed length control field 870113s1987 nyua b 001 0 eng c
010 ## - LIBRARY OF CONGRESS CONTROL NUMBER
LC control number 87000680
020 ## - INTERNATIONAL STANDARD BOOK NUMBER
International Standard Book Number 0443084556
040 ## - CATALOGING SOURCE
Original cataloging agency DNLM/DLC
Transcribing agency DLC
Modifying agency DLC
041 ## - LANGUAGE CODE
Language code of text/sound track or separate title eng
060 ## - NATIONAL LIBRARY OF MEDICINE CALL NUMBER
Classification number WQ 17 S759p
080 ## - UNIVERSAL DECIMAL CLASSIFICATION NUMBER
Universal Decimal Classification number 618.207
082 00 - DEWEY DECIMAL CLASSIFICATION NUMBER
Classification number 618.207 SPI
Edition number 19
100 1# - Rafti
Rafti 6
101 ## - Shkurtesa
Shkurtesa RAD
245 10 - TITLE STATEMENT
Title Prenatal ultrasound :
Statement of responsibility, etc Beverly A. Spirt, Lawrence P. Gordon, Michael Oliphant ; photographs by John G. Hodgson.
504 ## - BIBLIOGRAPHY, ETC. NOTE
Bibliography, etc Includes bibliographies and index.
906 ## - LOCAL DATA ELEMENT F, LDF (RLIN)
a 7
b cbc
c orignew
d 1
e ocip
f 19
g y-gencatlg
942 ## - ADDED ENTRY ELEMENTS (KOHA)
Source of classification or shelving scheme
Item type Books
Holdings
Withdrawn status Lost status Source of classification or shelving scheme Damaged status Not for loan Collection code Permanent location Current location Shelving location Date acquired Total Checkouts Full call number Barcode Date last seen Price effective from Koha item type
          Koleksioni i përgjithshem UBT - Lipjan UBT - Lipjan Koleksioni i përgjithshem 03/02/2018   618.207 SPI 002-3000805 03/02/2018 03/02/2018 Books
UBT Library © 2015-2024. All rights reserved University Education for Business and Technology